00306nam a2200121Ia 4500008004100000100001400041245003100055260004300086300000900129650002400138942000700162999001500169190216s9999||||xx |||||||||||||| ||und|| aGupta M C 0aStatistical Thermodynamics bNew Age International Publishersc1998 a507p aChemistry-Chemistry cBK c3015d3015